| 000 | 00464cam a2200181ua 4500 | ||
|---|---|---|---|
| 001 | 10217 | ||
| 008 | 171014n ii |||gr||||Z||||||asm | ||
| 040 | _cMAIN | ||
| 041 | _aasm | ||
| 082 | _a891.451 | ||
| 100 |
_aDeka, Tarani, _eEditor. |
||
| 245 |
_aSahitya sourabh : _bclass XI / _cEd. by Tarani Deka and others . |
||
| 250 | _a7th enl. ed. | ||
| 260 |
_aGuwahati: _bJyoti prakashan, _c2017. |
||
| 300 | _a181p. | ||
| 653 | _aAssamese text book | ||
| 942 | _cBK | ||
| 999 |
_c9214 _d9214 |
||